[Event "HUN-chT2 Erkel 1819"]
[Site "Hungary"]
[Date "2018.11.18"]
[Round "2.12"]
[White "Tompa, Zoltan"]
[Black "Prohaszka, Gyula Imre"]
[Result "0-1"]
[WhiteElo "1345"]
[BlackElo "1217"]
[PlyCount "62"]
[EventDate "2018.10.28"]
[EventType "team-tourn"]
[EventRounds "9"]
[EventCountry "HUN"]
[SourceTitle "EXT 2021"]
[Source "ChessBase"]
[SourceDate "2020.10.23"]
[SourceVersion "1"]
[SourceVersionDate "2020.10.23"]
[SourceQuality "1"]
[WhiteTeam "Fot"]
[BlackTeam "Vac"]
[WhiteTeamCountry "HUN"]
[BlackTeamCountry "HUN"]

1. e4 c6 2. c4 e6 3. Nc3 d5 4. cxd5 cxd5 5. Bb5+ Bd7 6. exd5 Bxb5 7. Nxb5 exd5 8. Qe2+ Ne7 9. d4 Nbc6 10. Bf4 Qa5+ 11. Bd2 Qd8 12. Nf3 a6 13. Nc3 g6 14. Bg5 Bg7 15. Nxd5 Qxd5 16. 0-0 f6 17. Bf4 0-0 18. Rfd1 Rfe8 19. Rac1 Qxa2 20. Qd2 Nf5 21. d5 Ne5 22. Nxe5 fxe5 23. Bg5 h6 24. Be3 Nxe3 25. Qxe3 Red8 26. b3 Rd6 27. Rc7 Qa5 28. Rc5 Qd8 29. Qf3 Rc8 30. b4 b6 31. Rc6 Rcxc6 0-1